000 01103nam1a22002411i 4500
001 rc\3376150
005 20240726011327.0
035 _a(NLR Aleph) 007449976
090 _a7205290
_c7205290
100 _a20130115d1969 |||y0rusy50 ca
101 0 _arus
102 _aRU
105 _a j |||||
200 1 _aЛекции по курсу "Техническая электроника и элементы авиационных автоматических устройств"
_eЧ. 2-
_fВоен.-воздуш. инж. ордена Ленина краснознам. акад. им. проф. Н.Е. Жуковского
210 _a[Москва]
_cБ. и.
_d1969
215 _d21
309 _aОтпеч. множит. аппаратом
532 1 3 _aЛекции по курсу Техническая электроника и элементы авиационных автоматических устройств
700 1 _aАскерко
_bВ.С.
_gВладимир Степанович
801 0 _aRU
_bNLR
_gpsbo
801 1 _aRU
_bELAR
_2rusmarc
852 _aNLR
_j69-5/5333
942 _cBOOK